000 00790nam a2200253Ia 4500
003 OSt
005 20221005035952.0
006 a|||||r|||| 00| 0
007 ta
008 221004b |||||||| |||| 00| 0 eng d
020 _a8173046484 (pbk)
_c395
024 _a98993
037 _b5572, 26/11/2009, Efficient Book Distributors
_cTextual
040 _aCRL
_cCRL
_beng
041 _2eng
_aeng
082 _aY5923v2.N, P5
100 _aMani Braj Ranjan
245 0 _aDebrahmanising history
_b Dominance and resistance in Indian society
260 _aDelhi
_bManohar India
_c2008
300 _a456p.
_ccm.
650 _aSOCIOLOGY
942 _hY5923v2.N, P5
_cTEXL
_2cc
999 _c946121
_d946121